Stanovenie všeobecnej hodnoty pohľadávok

Guardado en:
Detalles Bibliográficos
Autor principal: Kardoš, Peter
Formato: Capítulo de libro
Lenguaje:eslovaco
Etiquetas: Agregar Etiqueta
Sin Etiquetas, Sea el primero en etiquetar este registro!

MARC

LEADER 00000naa$a2200000$$$4500
001 0148643
005 20240502072656.0
041 0 |a slo 
044 |a SK 
245 1 0 |a Stanovenie všeobecnej hodnoty pohľadávok  |c Peter Kardoš 
100 1 |a Kardoš, Peter